000 00319nam a2200145Ia 4500
005 20251020182614.0
008 200515s9999 xx 000 0 und d
082 _aSC/691.4/C42
110 _aCelina
245 0 _aCerĂ¡micos Celina y Novacel
260 _aLima
260 _cs.a.
650 _aCERAMICOS
942 _cLIB
999 _c3451
_d3451